| 000 | 00608nam a22001817a 4500 | ||
|---|---|---|---|
| 005 | 20251108165026.0 | ||
| 008 | 250721s1980 xx 000 0 ara d | ||
| 082 | 1 | 4 | _a541.3076/أني |
| 100 | 1 | _aالنجار، أنيس عبد الوهاب | |
| 245 | 1 | 0 |
_aالكيمياء الفيزياوية : _bمسائل و حلول / |
| 264 | 1 |
_aالبصرة : _bمطبعة جامعة البصرة، _c1980. |
|
| 300 | _a679ص | ||
| 650 | 1 | 7 | _aالكيمياء النظرية |
| 650 | 1 | 7 | _aالكيمياء الفيزيائية |
| 700 | 1 | _aالعاني، خالد عيسى | |
| 942 |
_2ddc _cBK |
||
| 999 |
_c20245 _d20245 |
||